ਕਿਰਨ ਸੁਪਨੇ ਤੇ ਖ਼ੁਸ਼ਬੋ (Record no. 98094)

MARC details
000 -LEADER
fixed length control field 00572nam a22001937a 4500
005 - DATE AND TIME OF LATEST TRANSACTION
control field 20151105121956.0
010 ## - LCCN (DPL NO)
LC control number PUN-7777
020 ## - INTERNATIONAL STANDARD BOOK NUMBER
International Standard Book Number 9789350179222
Terms of availability 125.00
035 ## - SYSTEM CONTROL NUMBER
System control number PN-6895
037 ## - SOURCE OF ACQUISITION
Stock number unistar books
082 ## - DEWEY DECIMAL CLASSIFICATION NUMBER
Edition number 851
100 ## - MAIN ENTRY--PERSONAL NAME
Personal name ਕਿਰਨਜੀਤ ਕੋਰ
245 ## - TITLE STATEMENT
Title ਕਿਰਨ ਸੁਪਨੇ ਤੇ ਖ਼ੁਸ਼ਬੋ
246 ## - VARYING FORM OF TITLE
Title proper/short title Kiran Supne te Khushboo
Remainder of title by Kiranjit Kaur
250 ## - EDITION STATEMENT
Edition statement 2012
260 ## - PUBLICATION, DISTRIBUTION, ETC. (IMPRINT)
Place of publication, distribution, etc Chandigarh
Name of publisher, distributor, etc Unistar Books
300 ## - PHYSICAL DESCRIPTION
Extent Pg.136
Other physical details 22cmਸਜਿਲਦ
942 ## - ADDED ENTRY ELEMENTS (KOHA)
Source of classification or shelving scheme Dewey Decimal Classification
Item type Punjabi Bks
Classification part 851
Call number prefix ਕਿਰਨ
Holdings
Withdrawn status Lost status Not for loan Collection code Home library Current library Date acquired Source of acquisition Cost, normal purchase price Full call number Barcode Copy number Cost, replacement price Koha item type
      Non-fiction D.B.Act.Division D.B.Act.Division 05/11/2015 DBAD 125.00 851 PN-6895 1 125.00 Punjabi Bks

© Delhi Public Library
Hit Counter
free hit counter